[Event "SVK-ch op"]
[Site "Banska Stiavnica"]
[Date "2015.07.11"]
[Round "8"]
[White "Cibikova, Sofia Anna"]
[Black "Hipszki, Julius"]
[Result "0-1"]
[WhiteElo "1645"]
[BlackElo "1793"]
[PlyCount "110"]
[EventDate "2015.07.04"]
[EventType "swiss"]
[EventRounds "9"]
[EventCountry "SVK"]
[SourceTitle "CBM 167 Extra"]
[Source "ChessBase"]
[SourceDate "2015.09.14"]
[SourceVersion "1"]
[SourceVersionDate "2015.09.14"]
[SourceQuality "1"]

1. c4 e6 2. Nc3 Nf6 3. g3 d5 4. cxd5 exd5 5. Bg2 Be7 6. Nf3 0-0 7. 0-0 c6 8. a3 Bd6 9. b4 a6 10. Rb1 Bf5 11. d3 h6 12. a4 Re8 13. b5 Nbd7 14. bxc6 bxc6 15. Nd4 Be6 16. Bd2 Qc7 17. Qc2 Nc5 18. Rfc1 Bd7 19. e3 Rab8 20. a5 Rxb1 21. Rxb1 Rb8 22. Nb3 Nxb3 23. Rxb3 Rxb3 24. Qxb3 Qxa5 25. Nb1 Qb5 26. Qxb5 cxb5 27. Nc3 Be6 28. Kf1 Kf8 29. Ke1 Ke8 30. Kd1 Kd7 31. Kc2 Kc7 32. Kb2 Kb6 33. e4 dxe4 34. dxe4 Nd7 35. f4 f6 36. Nd5+ Bxd5 37. exd5 Bc5 38. Kb3 Kc7 39. f5 Kd6 40. Bf4+ Ne5 41. Bxe5+ Kxe5 42. g4 h5 43. h3 hxg4 44. hxg4 Kf4 45. Bf1 Kxg4 46. Bd3 Kf4 47. Kc3 Ke5 48. Kb3 Kxd5 49. Kc3 Ke5 50. Kb3 Kd4 51. Bc2 a5 52. Ka2 Kc3 53. Be4 b4 54. Bc6 b3+ 55. Kb1 Kb4 0-1

[Event "SVK-ch op"]
[Site "Banska Stiavnica"]
[Date "2015.07.09"]
[Round "6"]
[White "Kerdik, Adam"]
[Black "Hipszki, Julius"]
[Result "1/2-1/2"]
[WhiteElo "1978"]
[BlackElo "1793"]
[PlyCount "67"]
[EventDate "2015.07.04"]
[EventType "swiss"]
[EventRounds "9"]
[EventCountry "SVK"]
[SourceTitle "CBM 167 Extra"]
[Source "ChessBase"]
[SourceDate "2015.09.14"]
[SourceVersion "1"]
[SourceVersionDate "2015.09.14"]
[SourceQuality "1"]

1. e4 e5 2. Nf3 Nc6 3. Bc4 Bc5 4. c3 Nf6 5. d3 d6 6. Bb3 0-0 7. 0-0 h6 8. Nbd2 Re8 9. Re1 Ng4 10. Re2 Be6 11. h3 Nf6 12. Nf1 Bb6 13. Ng3 Qd7 14. Bc2 d5 15. Be3 d4 16. cxd4 Bxd4 17. Bxd4 Nxd4 18. Nxd4 Qxd4 19. Bb3 Rad8 20. Rd2 Nd7 21. Bxe6 Rxe6 22. Nf5 Qb6 23. Qg4 g6 24. Nxh6+ Kf8 25. Qh4 Nf6 26. Ng4 Rd4 27. Nxf6 Rxf6 28. Rc1 Kg7 29. Qg5 Qd6 30. Rc3 b5 31. Rdc2 Rxd3 32. Rxc7 Rd1+ 33. Kh2 Rxf2 34. Rxf2 1/2-1/2

[Event "SVK-ch op"]
[Site "Banska Stiavnica"]
[Date "2015.07.08"]
[Round "5"]
[White "Hipszki, Julius"]
[Black "Kamas, Samuel"]
[Result "1/2-1/2"]
[WhiteElo "1793"]
[BlackElo "1805"]
[PlyCount "70"]
[EventDate "2015.07.04"]
[EventType "swiss"]
[EventRounds "9"]
[EventCountry "SVK"]
[SourceTitle "CBM 167 Extra"]
[Source "ChessBase"]
[SourceDate "2015.09.14"]
[SourceVersion "1"]
[SourceVersionDate "2015.09.14"]
[SourceQuality "1"]

1. e4 e5 2. Nf3 Nc6 3. Bc4 Bc5 4. d3 h6 5. 0-0 d6 6. h3 Nf6 7. Nc3 0-0 8. a3 Be6 9. Bxe6 fxe6 10. Na4 Bb6 11. Nxb6 axb6 12. Be3 d5 13. exd5 exd5 14. Re1 e4 15. dxe4 Nxe4 16. c4 dxc4 17. Bxh6 Nxf2 18. Qxd8 Nxd8 19. Kxf2 gxh6 20. Re4 b5 21. Rd1 c6 22. Rd6 Nf7 23. Rd7 b6 24. Re6 c3 25. bxc3 Rxa3 26. Rd3 b4 27. Ke3 c5 28. cxb4 Rxd3+ 29. Kxd3 Rd8+ 30. Kc3 Rd6 31. Rxd6 Nxd6 32. bxc5 bxc5 33. Ne5 Kg7 34. Nd3 c4 35. Ne5 Kf6 1/2-1/2

[Event "SVK-ch op"]
[Site "Banska Stiavnica"]
[Date "2015.07.06"]
[Round "3"]
[White "Hipszki, Julius"]
[Black "Jancsy, Peter"]
[Result "1-0"]
[WhiteElo "1793"]
[BlackElo "1598"]
[PlyCount "57"]
[EventDate "2015.07.04"]
[EventType "swiss"]
[EventRounds "9"]
[EventCountry "SVK"]
[SourceTitle "CBM 167 Extra"]
[Source "ChessBase"]
[SourceDate "2015.09.14"]
[SourceVersion "1"]
[SourceVersionDate "2015.09.14"]
[SourceQuality "1"]

1. e4 e5 2. Bc4 Bc5 3. Nf3 Nc6 4. d3 h6 5. Nc3 d6 6. h3 Nd4 7. Be3 Be6 8. Bxe6 Nxe6 9. Bxc5 Nxc5 10. d4 exd4 11. Qxd4 Nf6 12. 0-0-0 0-0 13. e5 dxe5 14. Qxc5 Qc8 15. Nxe5 c6 16. g4 Qc7 17. Rd6 Rfd8 18. Rhd1 Rxd6 19. Qxd6 Rc8 20. f4 Nd5 21. Qxc7 Rxc7 22. Nxd5 cxd5 23. Rxd5 g6 24. Rd7 Rxd7 25. Nxd7 Kg7 26. Kd2 f6 27. Kd3 Kf7 28. Kd4 Ke6 29. Nc5+ 1-0

[Event "SVK-ch op"]
[Site "Banska Stiavnica"]
[Date "2015.07.05"]
[Round "2"]
[White "Hrnciar, Roman"]
[Black "Hipszki, Julius"]
[Result "1-0"]
[WhiteElo "2095"]
[BlackElo "1793"]
[PlyCount "85"]
[EventDate "2015.07.04"]
[EventType "swiss"]
[EventRounds "9"]
[EventCountry "SVK"]
[SourceTitle "CBM 167 Extra"]
[Source "ChessBase"]
[SourceDate "2015.09.14"]
[SourceVersion "1"]
[SourceVersionDate "2015.09.14"]
[SourceQuality "1"]

1. f4 d5 2. e3 e6 3. b3 Nf6 4. Nf3 c5 5. Bb2 Bd6 6. Ne5 Nbd7 7. Bb5 0-0 8. Bxd7 Bxd7 9. d3 Bc6 10. 0-0 Nd7 11. Qg4 g6 12. Nd2 f5 13. Qh3 Nxe5 14. fxe5 Be7 15. d4 Qb6 16. Rf3 a5 17. g4 a4 18. gxf5 Rxf5 19. Rxf5 exf5 20. Qf1 a3 21. Bc3 Rf8 22. Re1 f4 23. Qh3 Rf5 24. Nf3 Bg5 25. Kh1 Be7 26. Bd2 fxe3 27. Bxe3 Bd7 28. c3 Be6 29. Qg3 Qd8 30. Rg1 Qf8 31. Kg2 cxd4 32. Nxd4 Qc8 33. Nxf5 Bxf5 34. Rc1 Be4+ 35. Kg1 Bc5 36. Bxc5 Qxc5+ 37. Qf2 Qe7 38. Qf6 Qc5+ 39. Qf2 Qe7 40. Rf1 Qg5+ 41. Qg3 Qd2 42. e6 d4 43. Qb8+ 1-0

[Event "SVK-ch op"]
[Site "Banska Stiavnica"]
[Date "2015.07.04"]
[Round "1"]
[White "Hipszki, Julius"]
[Black "Spacek, Oliver"]
[Result "0-1"]
[WhiteElo "1793"]
[BlackElo "2162"]
[PlyCount "56"]
[EventDate "2015.07.04"]
[EventType "swiss"]
[EventRounds "9"]
[EventCountry "SVK"]
[SourceTitle "CBM 167 Extra"]
[Source "ChessBase"]
[SourceDate "2015.09.14"]
[SourceVersion "1"]
[SourceVersionDate "2015.09.14"]
[SourceQuality "1"]

1. e4 c5 2. Nf3 a6 3. d4 cxd4 4. Nxd4 e6 5. Be2 Nf6 6. Qd3 b5 7. 0-0 Bb7 8. Bf3 d6 9. Bg5 Nbd7 10. Nd2 Be7 11. Bxf6 Bxf6 12. c3 0-0 13. N2b3 Rc8 14. a4 Nc5 15. Qe2 Nxa4 16. Rfc1 Qb6 17. Rc2 Rfd8 18. Rd2 g6 19. g3 Bg5 20. h4 Bh6 21. h5 e5 22. hxg6 hxg6 23. Nc2 Nxb2 24. Ne3 Nc4 25. Nxc4 bxc4 26. Na5 Bxd2 27. Nxb7 Bxc3 28. Nxd8 Bxa1 0-1

[Event "SVK-ch op"]
[Site "Banska Stiavnica"]
[Date "2013.07.12"]
[Round "7"]
[White "Kralova, Klaudia"]
[Black "Hipszki, Julius"]
[Result "1-0"]
[WhiteElo "1911"]
[BlackElo "1776"]
[PlyCount "53"]
[EventDate "2013.07.06"]
[EventType "swiss"]
[EventRounds "9"]
[EventCountry "SVK"]
[SourceTitle "CBM 155 Extra"]
[Source "ChessBase"]
[SourceDate "2013.08.26"]
[SourceVersion "1"]
[SourceVersionDate "2013.08.26"]
[SourceQuality "1"]

1. e4 e5 2. Nf3 Nc6 3. Bb5 a6 4. Ba4 Nf6 5. 0-0 d6 6. d4 exd4 7. Nxd4 Bd7 8. Nxc6 bxc6 9. Qf3 c5 10. Bxd7+ Nxd7 11. c4 Be7 12. Nc3 0-0 13. b3 Bf6 14. Bb2 Bd4 15. Qe2 Re8 16. Rae1 Ne5 17. Kh1 Qh4 18. h3 Re6 19. f4 Ng4 20. Qf3 Rh6 21. Nd1 Nf6 22. Bxd4 cxd4 23. e5 Re8 24. exf6 Qxe1 25. Rxe1 Rxe1+ 26. Kh2 gxf6 27. Qg3+ 1-0